Linear Integrated Circuits (Record no. 297799)

MARC details
000 -LEADER
fixed length control field 00400nam a2200157Ia 4500
008 - FIXED-LENGTH DATA ELEMENTS--GENERAL INFORMATION
fixed length control field 230718s9999 xx 000 0 und d
041 ## - LANGUAGE CODE
Language code of text/sound track or separate title eng
082 ## - DEWEY DECIMAL CLASSIFICATION NUMBER
Classification number 621.381
Item number CHO
100 ## - MAIN ENTRY--PERSONAL NAME
Personal name Choudhury D.R.
245 ## - TITLE STATEMENT
Title Linear Integrated Circuits
260 ## - PUBLICATION, DISTRIBUTION, ETC. (IMPRINT)
Date of publication, distribution, etc. 1998
Name of publisher, distributor, etc. New Age
300 ## - PHYSICAL DESCRIPTION
Extent 421
365 ## - TRADE PRICE
Currency code Rs.
Price amount 775.00
700 ## - ADDED ENTRY--PERSONAL NAME
Personal name Choudhury D.R. & Jain S.
906 ## - LOCAL DATA ELEMENT F, LDF (RLIN)
d B:459024-Nov-1998
c ETC
b 116.25
Holdings
Withdrawn status Lost status Damaged status Not for loan Home library Current library Date acquired Vendor Budget Code Cost, normal purchase price Bill number Total Checkouts Full call number Barcode Date last seen Discount Cost, replacement price Bill Date Koha item type Original Barcode
        Cummins College of Engineering for Women Pune Cummins College of Engineering for Women Pune 26/11/1998 Pradeep Book Distributors ETC 751.75 4590   621.381 CCEP-BK-9005 18/07/2023 116.25 775.00 24/11/1998 Books 009005